| 000 | 01404cam a22003974a 4500 | ||
|---|---|---|---|
| 001 | 22341303 | ||
| 003 | OSt | ||
| 005 | 20260409070234.0 | ||
| 006 | m |o d | | ||
| 007 | cr ||||||||||| | ||
| 008 | 060511s2006 nyua ob 000 0 eng | ||
| 010 | _a 2020755573 | ||
| 020 |
_a9780071777087 _qebook |
||
| 020 | _z007147160X (alk. paper) | ||
| 035 | _a22341303 | ||
| 040 |
_aDLC _beng _epn _cDLC |
||
| 050 | 0 | 0 | _aHD69.P75 |
| 082 | 0 | 0 |
_a658.4/04 _222 |
| 100 | 1 | _aCleland, David I. | |
| 245 | 1 | 0 |
_aProject management : _bstrategic design and implementation / _cDavid I. Cleland, Lewis R. Ireland. |
| 250 | _a5th ed. | ||
| 260 |
_aNew York : _bMcGraw-Hill, _c2006. |
||
| 300 | _a1 online resource (xxii, 523 p.) | ||
| 336 |
_atext _btxt _2rdacontent |
||
| 337 |
_acomputer _bc _2rdamedia |
||
| 338 |
_aonline resource _bcr _2rdacarrier |
||
| 504 | _aIncludes bibliographical references. | ||
| 588 | _aDescription based on print version record and CIP data provided by publisher; resource not viewed. | ||
| 650 | 0 | _aProject management. | |
| 700 | 1 |
_aIreland, Lewis R., _d1937-2012. |
|
| 776 | 0 | 8 |
_iPrint version: _tProject management _dNew York : McGraw-Hill, 2006. _z007147160X (alk. paper) _w(DLC) 2006015601 |
| 906 |
_a0 _bcbc _corigcop _d1 _eecip _f20 _gy-gencatlg |
||
| 942 |
_2lcc _cBK _n0 |
||
| 999 |
_c23681 _d23680 |
||